00557pab a2200181 454500008004000000100002000040245011600060260000900176300001500185362000800200650001100208650001800219773001500237908000600252909001000258999001700268952009000285180718b2013 xxu||||| |||| 00| 0 eng d aCornes, Richard aA constitutional disaster in the making? The communications challenge facing the United Kingdom's Supreme court c2013 ap.266-291. aApr aCourts aSupreme court aPublic Law aN a99709 c99708d99708 00104070aIIPAbIIPAd2018-07-19hIssue no: 2pAR100169r2018-07-19w2018-07-19yAR